Дело о службе состоявшего при санкт-петербургских театрах, уволенного, с получением пенсиона, по болезни, кордебалетного танцовщ...

Доступно только в Электронных читальных залах Найти на картеНа карте
RUSMARC
00003800nmc2a22000003x 450
001f73f38a1-484c-4ba4-b195-5c3209348785
00520181229120606.0
100##$a20170704l18491902k l0rusy0189 ca
1010#$arus
102##$aRU
2001#$aДело о службе состоявшего при санкт-петербургских театрах, уволенного, с получением пенсиона, по болезни, кордебалетного танцовщика Ильи Солнцева
$j28 июня 1849 г. - 10 сентября 1902 г.
251##$cДело
300##$aПо Санкт-Петербургской дирекции за 1849 год
300##$aДело
801#0$aRU
$bРГИА
$c20170704
$gRCR
801#1$aRU
$bГлавНИВЦ
$c20170704
$2rusmarc
801#2$aRU
$bПБ им. Б.Н. Ельцина
$c20181229
$gRCR
$2rusmarc
850##$aРГИА
852##$aРГИА
$eФедеральное казенное учреждение "Российский государственный исторический архив" (РГИА)
$j12172
937##$hРГИА
$d12246185
$aASBIBLIO_SCAN
462#0$1001dd3991dc-24e1-42ec-8838-ca4255420416
$12001
$a1746-1850 гг.
$1251
$cОпись
$1852
$j1
461#0$10019264ebf8-de62-4f1a-9eb4-9f22098dbbd5
$12001
$aДирекция императорских театров МИДв
$1251
$cФонд
$1852
$j497
215##$a48 л.
$d36,5х26 см
371##$aДокумент не является опубликованным и широко распространяемым
105##$ay###
1222#$ad
035##$af73f38a1-484c-4ba4-b195-5c3209348785
856##$uhttp://readingroom.main.prlib.ru/item.aspx?id_node=n122672243&mode=full
Формат отображения